[Event "GRE-ch Univ Students online 1st"]
[Site "Tornelo INT"]
[Date "2022.05.28"]
[Round "3"]
[White "Kosmatos, Gerasimos"]
[Black "Gkikas, Vasilios"]
[Result "1-0"]
[WhiteElo "1439"]
[BlackElo "1908"]
[PlyCount "79"]
[EventDate "2022.05.28"]
[EventType "swiss (rapid)"]
[EventRounds "9"]
[EventCountry "GRE"]
[SourceTitle "EXT 2024"]
[Source "ChessBase"]
[SourceDate "2023.10.10"]
[SourceVersion "1"]
[SourceVersionDate "2023.10.10"]
[SourceQuality "1"]

1. d4 Nf6 2. e3 e6 3. Bd3 c5 4. c3 b6 5. f4 Bb7 6. Nf3 Be7 7. 0-0 d6 8. Nbd2 Nbd7 9. e4 e5 10. fxe5 dxe5 11. dxe5 Ng4 12. Nc4 0-0 13. h3 b5 14. hxg4 bxc4 15. Bxc4 Nb6 16. Qxd8 Raxd8 17. Bb3 Bxe4 18. Re1 Bg6 19. Be3 Bd3 20. Bg5 Bxg5 21. Nxg5 c4 22. e6 fxe6 23. Nxe6 cxb3 24. axb3 Rd7 25. Nxf8 Kxf8 26. Red1 h6 27. Rd2 Ke7 28. c4 Kd8 29. c5 Nc8 30. Rad1 Bb5 31. Rxd7+ Bxd7 32. c6 Nb6 33. cxd7 Nxd7 34. Kf2 Ke7 35. Ra1 Nc5 36. Rxa7+ Kf6 37. Kf3 Nxb3 38. Ke3 Nc5 39. b4 Ne6 40. b5 1-0

[Event "GRE-chT 47th"]
[Site "Patras"]
[Date "2019.07.03"]
[Round "2.4"]
[White "Kouskoutis, Georgios Alexandros"]
[Black "Gkikas, Vasilios"]
[Result "1-0"]
[WhiteElo "2256"]
[BlackElo "1950"]
[PlyCount "119"]
[EventDate "2019.07.02"]
[EventType "team-swiss"]
[EventRounds "7"]
[EventCountry "GRE"]
[SourceTitle "CBM 191 Extra"]
[Source "ChessBase"]
[SourceDate "2019.09.30"]
[SourceVersion "1"]
[SourceVersionDate "2019.09.30"]
[SourceQuality "1"]
[WhiteTeam "Nikaia Fysiolatris"]
[BlackTeam "Heraklion Contact"]
[WhiteTeamCountry "GRE"]
[BlackTeamCountry "GRE"]

1. c4 e5 2. g3 Nf6 3. Bg2 d5 4. cxd5 Nxd5 5. Nc3 Nb6 6. Nf3 Nc6 7. 0-0 Be7 8. d3 0-0 9. Be3 Be6 10. Rc1 Nd5 11. Nxd5 Bxd5 12. Qa4 Re8 13. b4 a6 14. a3 Bf6 15. Rc5 Ne7 16. Nd2 Bxg2 17. Kxg2 Nd5 18. Qb3 c6 19. Ne4 Be7 20. Rc2 Rc8 21. Bc5 Nc7 22. a4 Ne6 23. Bxe7 Rxe7 24. e3 h6 25. Rfc1 Ng5 26. Nxg5 hxg5 27. b5 axb5 28. axb5 Qd6 29. Qc4 Rd7 30. Rc3 Rcd8 31. bxc6 Qxc6+ 32. Qxc6 bxc6 33. Rd1 f6 34. Kf3 Kf7 35. Ke2 Rd6 36. Rb1 Rh8 37. Rb6 Rxh2 38. Rbxc6 Rxc6 39. Rxc6 g4 40. Rc7+ Kg6 41. d4 exd4 42. exd4 Rh5 43. Rc5 Rh8 44. Kd3 Rh2 45. Rc2 Kf5 46. Re2 Rh8 47. d5 Rd8 48. Kd4 Kg6 49. Kc5 Rc8+ 50. Kb6 Rd8 51. Kc6 Rc8+ 52. Kd7 Rc5 53. d6 Kf7 54. Kd8 f5 55. Re7+ Kf8 56. Rc7 Ra5 57. d7 Ra2 58. Rc5 Rxf2 59. Kc7 Rd2 60. d8Q+ 1-0

[Event "GRE-ch U20"]
[Site "Trikala"]
[Date "2019.05.04"]
[Round "7"]
[White "Gkikas, Vasilios"]
[Black "Kasioumis, Vasilios"]
[Result "0-1"]
[WhiteElo "1988"]
[BlackElo "1917"]
[PlyCount "116"]
[EventDate "2019.04.30"]
[EventType "swiss"]
[EventRounds "9"]
[EventCountry "GRE"]
[SourceTitle "CBM 190 Extra"]
[Source "ChessBase"]
[SourceDate "2019.07.15"]
[SourceVersion "1"]
[SourceVersionDate "2019.07.15"]
[SourceQuality "1"]

1. d4 d5 2. c4 e6 3. Nc3 Be7 4. cxd5 exd5 5. Bf4 c6 6. e3 Bf5 7. g4 Be6 8. h3 Nd7 9. Bd3 h5 10. gxh5 Ngf6 11. Qf3 Rxh5 12. Nge2 Qb6 13. 0-0-0 0-0-0 14. Rdg1 Rdh8 15. Rxg7 Rxh3 16. Rxh3 Rxh3 17. Qg2 Rh8 18. Qg1 Qd8 19. Rg2 Nh5 20. Bg5 Ndf6 21. Nf4 Nxf4 22. Bxf4 Qd7 23. Be5 Re8 24. Bxf6 Bxf6 25. Rg8 Rxg8 26. Qxg8+ Qd8 27. Qxd8+ Kxd8 28. Kd2 Kc7 29. Na4 b6 30. b3 Be7 31. Nc3 Bb4 32. Kc2 Bc8 33. Kb2 Be7 34. Kc2 Bh4 35. f3 Bf6 36. Kd2 Bg7 37. Kc2 Kd6 38. Bh7 a6 39. Bd3 c5 40. dxc5+ bxc5 41. e4 Bxc3 42. Kxc3 d4+ 43. Kd2 Ke5 44. Bc4 f6 45. Bd5 Bh3 46. Bc4 a5 47. Ke2 Kf4 48. Kf2 Bd7 49. Ba6 Be8 50. Bc4 Bh5 51. Be2 d3 52. Bxd3 Bxf3 53. Bb5 Bxe4 54. Ke2 Ke5 55. Kd2 Kd4 56. Kc1 Kc3 57. Bd7 f5 58. Bxf5 Bxf5 0-1

[Event "GRE-ch U20"]
[Site "Trikala"]
[Date "2019.05.03"]
[Round "5"]
[White "Chatzieleftheriou, Andreas"]
[Black "Gkikas, Vasilios"]
[Result "1/2-1/2"]
[WhiteElo "2186"]
[BlackElo "1988"]
[PlyCount "102"]
[EventDate "2019.04.30"]
[EventType "swiss"]
[EventRounds "9"]
[EventCountry "GRE"]
[SourceTitle "CBM 190 Extra"]
[Source "ChessBase"]
[SourceDate "2019.07.15"]
[SourceVersion "1"]
[SourceVersionDate "2019.07.15"]
[SourceQuality "1"]

1. e4 c5 2. Nf3 Nc6 3. d4 cxd4 4. Nxd4 e5 5. Nb5 d6 6. c4 Be7 7. N1c3 a6 8. Na3 f5 9. exf5 Bxf5 10. Bd3 Bxd3 11. Qxd3 Nf6 12. 0-0 0-0 13. Nc2 Rc8 14. b3 Kh8 15. Bb2 Qe8 16. Ne3 b5 17. cxb5 Nb4 18. Qe2 d5 19. a3 d4 20. axb4 dxc3 21. Bxc3 Rxc3 22. bxa6 Bxb4 23. Nc4 Qb5 24. a7 Ra8 25. Qb2 e4 26. Rfc1 Rxc1+ 27. Qxc1 h6 28. Qf4 Bc3 29. Ra3 Bd4 30. Qc7 Qb4 31. Kf1 Qb5 32. Kg1 Nd5 33. Qd6 Bc5 34. Qa6 Qxa6 35. Rxa6 Rxa7 36. Rxa7 Bxa7 37. Kf1 Kg8 38. Ke2 Nf4+ 39. Kf1 Nd5 40. g3 Kf7 41. Nd6+ Ke6 42. Nxe4 Ke5 43. f3 Kd4 44. Nd6 Kd3 45. Kg2 Bc5 46. Ne4 Bd4 47. h4 Kc2 48. f4 Kxb3 49. Kf3 Kc2 50. g4 Kd3 51. g5 hxg5 1/2-1/2

[Event "GRE-ch U20"]
[Site "Trikala"]
[Date "2019.05.03"]
[Round "6"]
[White "Gkikas, Vasilios"]
[Black "Katopodis, Dimitrios"]
[Result "0-1"]
[WhiteElo "1988"]
[BlackElo "2273"]
[PlyCount "112"]
[EventDate "2019.04.30"]
[EventType "swiss"]
[EventRounds "9"]
[EventCountry "GRE"]
[SourceTitle "CBM 190 Extra"]
[Source "ChessBase"]
[SourceDate "2019.07.15"]
[SourceVersion "1"]
[SourceVersionDate "2019.07.15"]
[SourceQuality "1"]

1. d4 Nf6 2. c4 e6 3. Nc3 d5 4. cxd5 exd5 5. Bg5 c6 6. e3 Nbd7 7. Bd3 Be7 8. Nf3 0-0 9. Qc2 Re8 10. 0-0 h6 11. Bh4 Bd6 12. Bg3 Bxg3 13. hxg3 Qe7 14. Nd2 Ng4 15. e4 Qg5 16. Nf3 Qh5 17. exd5 Nf8 18. Rfe1 Bd7 19. Ne2 Qxd5 20. Nf4 Qa5 21. Rxe8 Rxe8 22. Qb3 Qb6 23. Qxb6 axb6 24. Kf1 g6 25. a3 Ne6 26. Bc4 Kg7 27. Nxe6+ Bxe6 28. Bxe6 Rxe6 29. Rc1 Nf6 30. a4 Nd5 31. b3 Kf6 32. g4 Re4 33. a5 bxa5 34. Rc5 Rxg4 35. Rxa5 Re4 36. Ra7 Re7 37. Nd2 Nc3 38. Nf3 Ke6 39. Ra8 Kd5 40. Rd8+ Ke4 41. Ne5 Nd5 42. Rf8 Kxd4 43. Nxf7 Kc3 44. Nxh6 Kxb3 45. Rg8 Re6 46. Nf7 c5 47. Nd8 Rb6 48. Rg7 c4 49. Rd7 Nb4 50. Nxb7 c3 51. Na5+ Ka4 52. Nc4 c2 53. Nxb6+ Kb5 54. Rc7 Nc6 55. Rxc6 Kxc6 56. Ke2 c1Q 0-1

[Event "Paleochora op 11th"]
[Site "Paleochora"]
[Date "2018.07.19"]
[Round "3"]
[White "Gkikas, Vasilios"]
[Black "Stewart, Ashley"]
[Result "1/2-1/2"]
[WhiteElo "1892"]
[BlackElo "2176"]
[PlyCount "119"]
[EventDate "2018.07.18"]
[EventType "swiss"]
[EventRounds "9"]
[EventCountry "GRE"]
[SourceTitle "CBM 186 Extra"]
[Source "ChessBase"]
[SourceDate "2018.08.24"]
[SourceVersion "1"]
[SourceVersionDate "2018.08.24"]
[SourceQuality "1"]

1. d4 Nf6 2. c4 g6 3. Nc3 Bg7 4. e4 d6 5. f3 0-0 6. Be3 c5 7. Nge2 Nc6 8. d5 Ne5 9. Ng3 e6 10. Be2 h5 11. 0-0 exd5 12. cxd5 h4 13. Nh1 h3 14. g3 a6 15. a4 Bd7 16. Nf2 b5 17. axb5 axb5 18. Rxa8 Qxa8 19. Bxb5 Bxb5 20. Nxb5 Qb8 21. Qe2 Nxf3+ 22. Qxf3 Qxb5 23. Nxh3 Qxb2 24. Ng5 Ra8 25. Qf4 Ra1 26. Rxa1 Qxa1+ 27. Kg2 Qb2+ 28. Kh3 Qb8 29. Kg2 Qc7 30. Qf3 Qe7 31. h4 Bh6 32. Bf4 Bg7 33. Bd2 Nd7 34. Bf4 Ne5 35. Qe2 Qb7 36. h5 Bf6 37. Bxe5 Bxe5 38. hxg6 fxg6 39. Qf3 Qb2+ 40. Kh3 Bf6 41. Ne6 Qe5 42. Nf4 Kh7 43. Qh1 c4 44. Kg4+ Kg7 45. Kf3 Qc3+ 46. Kg4 Qa1 47. Ne6+ Kg8 48. Qxa1 Bxa1 49. Kf3 Kf7 50. Ke3 Kf6 51. Nd8 Be5 52. g4 Bc3 53. g5+ Ke7 54. Ne6 Bb2 55. Kd2 Be5 56. Kc2 Ba1 57. Kb1 Be5 58. Kc2 Ke8 59. Kd2 c3+ 60. Kd3 1/2-1/2

[Event "GRE-chT 46th"]
[Site "Rio Achaia"]
[Date "2018.07.14"]
[Round "6.5"]
[White "Gkikas, Vasilios"]
[Black "Patrelakis, Evaggelos"]
[Result "1/2-1/2"]
[WhiteElo "1892"]
[BlackElo "2285"]
[PlyCount "152"]
[EventDate "2018.07.10"]
[EventType "team"]
[EventRounds "7"]
[EventCountry "GRE"]
[SourceTitle "CBM 185 Extra"]
[Source "ChessBase"]
[SourceDate "2018.07.29"]
[SourceVersion "1"]
[SourceVersionDate "2018.07.29"]
[SourceQuality "1"]
[WhiteTeam "Heraklion Contact"]
[BlackTeam "Chania"]
[WhiteTeamCountry "GRE"]
[BlackTeamCountry "GRE"]

1. d4 Nf6 2. c4 g6 3. Nc3 Bg7 4. e4 d6 5. f3 0-0 6. Be3 e5 7. Nge2 exd4 8. Nxd4 Re8 9. Be2 c6 10. Bf2 Nbd7 11. 0-0 Ne5 12. Re1 Nh5 13. Bf1 a6 14. a4 Bh6 15. b3 Qf6 16. Be3 Bxe3+ 17. Rxe3 Qg5 18. Nc2 f5 19. exf5 Bxf5 20. Ne4 Qf4 21. Re1 Rad8 22. Nb4 a5 23. Nd3 Nxd3 24. Bxd3 Kg7 25. Qc2 Qe5 26. Qf2 Nf4 27. Ng3 Nxd3 28. Rxe5 Nxf2 29. Nxf5+ gxf5 30. Rxe8 Nh3+ 31. gxh3 Rxe8 32. Kf2 Kf6 33. Rd1 Rd8 34. f4 d5 35. Kf3 Rd7 36. Rd2 Ke6 37. Re2+ Kd6 38. Re5 Rf7 39. Ke3 Re7 40. c5+ Kd7 41. Kd4 Rf7 42. Kc3 Rf6 43. Kd4 Rh6 44. Rxf5 Rxh3 45. Rf7+ Kc8 46. Ke5 Rxh2 47. Kd6 Rh6+ 48. Ke5 Rh3 49. Kd6 Kb8 50. f5 Rxb3 51. Rxh7 Rf3 52. Rh8+ Ka7 53. Ke6 Re3+ 54. Kf7 b6 55. cxb6+ Kxb6 56. f6 d4 57. Rd8 Kc5 58. Kg7 Rg3+ 59. Kh7 Kc4 60. f7 Rf3 61. Kg7 c5 62. f8Q Rxf8 63. Kxf8 Kb4 64. Ke7 Kxa4 65. Kd6 Kb4 66. Ke5 a4 67. Ke4 Kc4 68. Ra8 Kb3 69. Kd3 c4+ 70. Kxd4 a3 71. Rb8+ Kc2 72. Ra8 Kb2 73. Kxc4 a2 74. Rb8+ Kc2 75. Ra8 Kb2 76. Rxa2+ Kxa2 1/2-1/2

[Event "GRE-ch U18"]
[Site "Achaia"]
[Date "2017.07.02"]
[Round "7"]
[White "Vitsaxakis, Nikolaos"]
[Black "Gkikas, Vasilios"]
[Result "1/2-1/2"]
[WhiteElo "1904"]
[BlackElo "1981"]
[PlyCount "30"]
[EventDate "2017.06.26"]
[EventType "swiss"]
[EventRounds "7"]
[EventCountry "GRE"]
[SourceTitle "CBM 179 Extra"]
[Source "ChessBase"]
[SourceDate "2017.08.23"]
[SourceVersion "1"]
[SourceVersionDate "2017.08.23"]
[SourceQuality "1"]

1. e4 c5 2. Nc3 Nc6 3. g3 g6 4. Bg2 Bg7 5. d3 d6 6. Be3 e5 7. Qd2 Be6 8. Nge2 Nge7 9. Bh6 Bxh6 10. Qxh6 Nd4 11. Nxd4 cxd4 12. Ne2 Qa5+ 13. Qd2 Qxd2+ 14. Kxd2 Kd7 15. c4 f6 1/2-1/2

[Event "GRE-ch U18"]
[Site "Achaia"]
[Date "2017.06.28"]
[Round "3"]
[White "Gkikas, Vasilios"]
[Black "Karathanasis, Vlasis"]
[Result "0-1"]
[WhiteElo "1981"]
[BlackElo "1882"]
[PlyCount "80"]
[EventDate "2017.06.26"]
[EventType "swiss"]
[EventRounds "7"]
[EventCountry "GRE"]
[SourceTitle "CBM 179 Extra"]
[Source "ChessBase"]
[SourceDate "2017.08.23"]
[SourceVersion "1"]
[SourceVersionDate "2017.08.23"]
[SourceQuality "1"]

1. d4 Nf6 2. c4 e6 3. g3 Bb4+ 4. Bd2 Bxd2+ 5. Qxd2 d5 6. Nf3 Nbd7 7. Bg2 c6 8. Qc2 b6 9. 0-0 0-0 10. Rd1 Bb7 11. Nbd2 c5 12. cxd5 Bxd5 13. e4 Bb7 14. e5 Nd5 15. Ne4 cxd4 16. Neg5 g6 17. Rxd4 Nxe5 18. Nxe5 Qxg5 19. f4 Qe7 20. Qf2 Nf6 21. Bxb7 Qxb7 22. Rad1 Qe7 23. a3 Kg7 24. Qd2 Rac8 25. b4 Rc7 26. Nd7 Rfc8 27. Nxf6 Qxf6 28. Rd7 Rc2 29. Qd4 Qxd4+ 30. R7xd4 Ra2 31. R4d3 Rcc2 32. h4 Kf6 33. Re1 h6 34. h5 Rg2+ 35. Kh1 Rh2+ 36. Kg1 Rxh5 37. g4 Rd5 38. Rxd5 exd5 39. Re5 Rxa3 40. Rxd5 Rg3+ 0-1

[Event "GRE-ch U18"]
[Site "Achaia"]
[Date "2017.06.27"]
[Round "2"]
[White "Stavropoulos, Konstantinos"]
[Black "Gkikas, Vasilios"]
[Result "1/2-1/2"]
[WhiteElo "2000"]
[BlackElo "1981"]
[PlyCount "80"]
[EventDate "2017.06.26"]
[EventType "swiss"]
[EventRounds "7"]
[EventCountry "GRE"]
[SourceTitle "CBM 179 Extra"]
[Source "ChessBase"]
[SourceDate "2017.08.23"]
[SourceVersion "1"]
[SourceVersionDate "2017.08.23"]
[SourceQuality "1"]

1. d4 Nf6 2. c4 e6 3. Nc3 Bb4 4. Qc2 d5 5. cxd5 Qxd5 6. Nf3 Qf5 7. Qxf5 exf5 8. a3 Be7 9. Bf4 c6 10. h3 Nbd7 11. e3 Nb6 12. Be2 0-0 13. Ne5 Be6 14. 0-0 Nbd5 15. Nxd5 Bxd5 16. Bg5 Rfe8 17. Bxf6 Bxf6 18. f4 Rad8 19. Rac1 g6 20. Rc3 Kg7 21. g4 fxg4 22. hxg4 h6 23. Bd1 Re7 24. Bc2 Bxe5 25. fxe5 Be6 26. Bd1 Rd5 27. b4 a5 28. Be2 axb4 29. axb4 Rd8 30. Ra3 b6 31. Rc1 Bd5 32. Ra6 f6 33. exf6+ Kxf6 34. Rc3 Rb8 35. Kf2 Kg5 36. Kg3 Rbe8 37. Raa3 Rf8 38. Rc1 Rfe8 39. Rcc3 Rf8 40. Rc1 Rfe8 1/2-1/2

[Event "Peristeri IRT 5th"]
[Site "Peristeri"]
[Date "2016.10.25"]
[Round "7"]
[White "Gkikas, Vasilios"]
[Black "Papastavropoulos, Andreas"]
[Result "1-0"]
[WhiteElo "1943"]
[BlackElo "2082"]
[PlyCount "99"]
[EventDate "2016.09.13"]
[EventType "tourn"]
[EventRounds "7"]
[EventCountry "GRE"]
[SourceTitle "EXT 2024"]
[Source "ChessBase"]
[SourceDate "2023.10.10"]
[SourceVersion "1"]
[SourceVersionDate "2023.10.10"]
[SourceQuality "1"]

1. d4 Nf6 2. c4 g6 3. Nc3 Bg7 4. e4 d6 5. f3 0-0 6. Be3 a5 7. Nge2 Nc6 8. Qd2 e5 9. d5 Nb4 10. g4 Ne8 11. Ng3 f5 12. gxf5 gxf5 13. exf5 Bxf5 14. Nxf5 Rxf5 15. 0-0-0 Qh4 16. Be2 Nf6 17. Rdg1 Kh8 18. a3 Na6 19. Qc2 Rf4 20. Bxf4 Qxf4+ 21. Kb1 Nc5 22. Rg2 Bh6 23. Rhg1 a4 24. Rg3 Nb3 25. Bd3 Nd2+ 26. Ka1 Nb3+ 27. Ka2 Nc5 28. Ne4 Nxd3 29. Qxd3 Nxe4 30. fxe4 Rf8 31. Qe2 Qf7 32. Qg2 c6 33. Rg4 cxd5 34. cxd5 b5 35. Ka1 Rc8 36. Ka2 Ra8 37. Qh3 Bf4 38. Rg7 Qxg7 39. Rxg7 Kxg7 40. Qd7+ Kg6 41. Qxd6+ Kh5 42. Qe7 h6 43. h3 Bg5 44. Qxe5 Rf8 45. d6 Kh4 46. Qe6 h5 47. e5 Rf3 48. Qd7 Rxh3 49. Qxh3+ Kxh3 50. e6 1-0

[Event "Paleochora op 9th"]
[Site "Paleochora"]
[Date "2016.07.21"]
[Round "2"]
[White "Gkikas, Vasilios"]
[Black "Andreev, Eduard"]
[Result "0-1"]
[WhiteElo "1974"]
[BlackElo "2441"]
[PlyCount "62"]
[EventDate "2016.07.20"]
[EventType "swiss"]
[EventRounds "9"]
[EventCountry "GRE"]
[SourceTitle "EXT 2017"]
[Source "ChessBase"]
[SourceDate "2016.10.25"]
[SourceVersion "1"]
[SourceVersionDate "2016.10.25"]
[SourceQuality "1"]

1. d4 Nf6 2. c4 e6 3. g3 c5 4. d5 exd5 5. cxd5 d6 6. Nc3 g6 7. Bg2 Bg7 8. Nf3 0-0 9. 0-0 Na6 10. Bf4 Nc7 11. a4 b6 12. e4 Bg4 13. h3 Bxf3 14. Bxf3 Nfe8 15. Re1 a6 16. Qd3 Be5 17. Bxe5 dxe5 18. Bg2 Nd6 19. f4 Qe7 20. Ne2 f6 21. Qc3 a5 22. b3 Na6 23. Nc1 c4 24. fxe5 fxe5 25. Bf1 Qf6 26. Qe3 Nb4 27. Qe2 Rac8 28. Bg2 Qg5 29. bxc4 Rxc4 30. Nd3 Nc2 31. h4 Qxg3 0-1

[Event "GRE-ch U16"]
[Site "Porto Rio"]
[Date "2016.07.02"]
[Round "7"]
[White "Gkikas, Vasilios"]
[Black "Drakoulakos, Grigorios"]
[Result "1/2-1/2"]
[WhiteElo "1958"]
[BlackElo "2274"]
[PlyCount "76"]
[EventDate "2016.06.28"]
[EventType "swiss"]
[EventRounds "9"]
[EventCountry "GRE"]
[SourceTitle "CBM 173 Extra"]
[Source "ChessBase"]
[SourceDate "2016.08.29"]
[SourceVersion "1"]
[SourceVersionDate "2016.08.29"]
[SourceQuality "1"]

1. d4 Nf6 2. c4 g6 3. Nc3 Bg7 4. e4 d6 5. f3 0-0 6. Be3 c5 7. Nge2 Qa5 8. Nc1 cxd4 9. Nb3 Qh5 10. Nxd4 Nc6 11. Be2 Nxd4 12. Bxd4 Be6 13. 0-0 Nd7 14. Rc1 Bxd4+ 15. Qxd4 Qc5 16. Qxc5 Nxc5 17. b4 Nd7 18. Nd5 Bxd5 19. cxd5 Rfc8 20. Bb5 Nb6 21. Kf2 a5 22. bxa5 Rxc1 23. Rxc1 Rxa5 24. a4 Nxa4 25. Bxa4 Rxa4 26. Rc7 Ra2+ 27. Kg3 Kf8 28. Rxb7 g5 29. h4 gxh4+ 30. Kh3 Rd2 31. Rb8+ Kg7 32. Re8 Kf6 33. Rh8 Kg7 34. Re8 Kf6 35. Rh8 Kg7 36. Re8 Kf6 37. Rh8 Kg6 38. Re8 Kf6 1/2-1/2

[Event "GRE-ch U16"]
[Site "Porto Rio"]
[Date "2016.06.30"]
[Round "4"]
[White "Gkikas, Vasilios"]
[Black "Salifoglou, Ioannis"]
[Result "1-0"]
[WhiteElo "1958"]
[BlackElo "1619"]
[PlyCount "109"]
[EventDate "2016.06.28"]
[EventType "swiss"]
[EventRounds "9"]
[EventCountry "GRE"]
[SourceTitle "CBM 173 Extra"]
[Source "ChessBase"]
[SourceDate "2016.08.29"]
[SourceVersion "1"]
[SourceVersionDate "2016.08.29"]
[SourceQuality "1"]

1. d4 e6 2. c4 b6 3. a3 Bb7 4. Nc3 f5 5. e3 Nf6 6. d5 Bd6 7. g3 Na6 8. Bg2 Nc5 9. Nge2 0-0 10. 0-0 Qe7 11. b3 Rad8 12. Bb2 c6 13. dxe6 dxe6 14. Qc2 Nce4 15. Nxe4 Nxe4 16. Nc3 Ng5 17. f4 Nf7 18. e4 Bc5+ 19. Kh1 Nh6 20. b4 Bd4 21. Rae1 Ng4 22. Nd1 Bxb2 23. Nxb2 Qc7 24. exf5 exf5 25. h3 Nh6 26. c5 Rd4 27. Rd1 Rfd8 28. Rxd4 Rxd4 29. Rd1 Qd7 30. Rxd4 Qxd4 31. Qc4+ Qxc4 32. Nxc4 bxc5 33. bxc5 Nf7 34. Na5 Nd8 35. Kg1 Kf7 36. Kf2 Ke7 37. Ke3 Ke6 38. Kd4 Ba8 39. Bf3 h6 40. h4 g6 41. h5 gxh5 42. Bxh5 Kf6 43. Bf3 Ke6 44. Bg2 Kf6 45. Kc4 Ke6 46. Kb4 Kd7 47. Nb3 Ke6 48. Nd4+ Kf6 49. Bh3 Ne6 50. Nxf5 h5 51. Nd6 Nd4 52. Ne4+ Kg6 53. Bc8 Ne2 54. Ka5 h4 55. gxh4 1-0

[Event "GRE-ch U16"]
[Site "Porto Rio"]
[Date "2016.06.29"]
[Round "3"]
[White "Nikolaidis, Athanasios"]
[Black "Gkikas, Vasilios"]
[Result "1/2-1/2"]
[WhiteElo "1616"]
[BlackElo "1958"]
[PlyCount "54"]
[EventDate "2016.06.28"]
[EventType "swiss"]
[EventRounds "9"]
[EventCountry "GRE"]
[SourceTitle "CBM 173 Extra"]
[Source "ChessBase"]
[SourceDate "2016.08.29"]
[SourceVersion "1"]
[SourceVersionDate "2016.08.29"]
[SourceQuality "1"]

1. e4 c5 2. Nf3 Nc6 3. Bb5 e6 4. c4 Qc7 5. 0-0 Nge7 6. Re1 a6 7. Ba4 b6 8. d4 cxd4 9. Nxd4 Bb7 10. Bxc6 Nxc6 11. Nxc6 Qxc6 12. Qe2 Be7 13. Nc3 0-0 14. a4 Rac8 15. b3 f5 16. f3 fxe4 17. Nxe4 d5 18. Nf2 Bf6 19. Bb2 dxc4 20. Bxf6 Rxf6 21. Ng4 Qc5+ 22. Kh1 Rg6 23. Ne5 Rh6 24. Ng4 Rg6 25. Ne5 Rh6 26. Ng4 Rg6 27. Ne5 Rh6 1/2-1/2

[Event "GRE-ch U16"]
[Site "Rio Achaia"]
[Date "2015.06.27"]
[Round "3.12"]
[White "Gkikas, Vasilios"]
[Black "Papadopoulos, Zisis"]
[Result "1/2-1/2"]
[WhiteElo "1774"]
[BlackElo "1777"]
[PlyCount "96"]
[EventDate "2015.06.26"]
[EventType "swiss"]
[EventRounds "9"]
[EventCountry "GRE"]
[SourceTitle "EXT 2024"]
[Source "ChessBase"]
[SourceDate "2023.10.10"]
[SourceVersion "1"]
[SourceVersionDate "2023.10.10"]
[SourceQuality "1"]

1. e4 c5 2. Nf3 d6 3. d4 Nf6 4. Nc3 cxd4 5. Nxd4 a6 6. h3 e6 7. g4 d5 8. e5 Nfd7 9. Bf4 Nc6 10. Nxc6 bxc6 11. Bg3 Rb8 12. Bd3 Rxb2 13. 0-0 Qa5 14. Ne2 Bc5 15. Qc1 Rb8 16. Qg5 g6 17. Qh6 Bf8 18. Qc1 c5 19. c4 d4 20. Qc2 Be7 21. f4 Bb7 22. Rab1 Qc7 23. Be4 Bxe4 24. Qxe4 0-0 25. f5 Bg5 26. h4 Be3+ 27. Kh2 Rxb1 28. Rxb1 Rb8 29. Rxb8+ Qxb8 30. fxe6 fxe6 31. Qc6 Nf8 32. Kh3 Qb2 33. Nf4 Bxf4 34. Bxf4 Qc3+ 35. Kh2 Qc2+ 36. Kg3 Qd3+ 37. Kh2 Qe2+ 38. Kg3 Qe1+ 39. Kh3 Qf1+ 40. Kg3 Qg1+ 41. Kh3 h5 42. gxh5 gxh5 43. Qf3 Qg6 44. Kh2 Qg4 45. Qxg4+ hxg4 46. h5 Nd7 47. Kg3 Nb6 48. Kxg4 Nd7 1/2-1/2

[Event "GRE-ch U16"]
[Site "Rio Achaia"]
[Date "2015.06.26"]
[Round "1.6"]
[White "Gkikas, Vasilios"]
[Black "Kalofonos, Panayotis"]
[Result "0-1"]
[WhiteElo "1774"]
[BlackElo "2136"]
[PlyCount "108"]
[EventDate "2015.06.26"]
[EventType "swiss"]
[EventRounds "9"]
[EventCountry "GRE"]
[SourceTitle "EXT 2024"]
[Source "ChessBase"]
[SourceDate "2023.10.10"]
[SourceVersion "1"]
[SourceVersionDate "2023.10.10"]
[SourceQuality "1"]

1. e4 c5 2. Nf3 d6 3. d4 cxd4 4. Nxd4 Nf6 5. Nc3 a6 6. h3 Qb6 7. Nb3 e6 8. Bd3 Qc7 9. a4 b6 10. Be3 Nbd7 11. a5 b5 12. 0-0 Bb7 13. f3 Be7 14. Ne2 d5 15. exd5 Nxd5 16. Bf2 Bd6 17. c3 Ne5 18. Nbd4 0-0 19. Be4 Nc4 20. Qc1 Nxa5 21. Rd1 Nc4 22. b3 Ncb6 23. Qc2 h6 24. Qb2 Rac8 25. Rac1 Qe7 26. Qd2 Rfd8 27. Qe1 Be5 28. Bh4 Bf6 29. Bf2 Bg5 30. Rc2 Ne3 31. Bxe3 Bxe3+ 32. Kh1 Nd5 33. Bxd5 Rxd5 34. Rd3 Bg5 35. Ng3 Bf6 36. Qd2 Qd7 37. f4 Bxd4 38. cxd4 Rxc2 39. Qxc2 Rxd4 40. Rxd4 Qxd4 41. f5 exf5 42. Nxf5 Qe4 43. Qf2 Qe6 44. Kh2 Qe5+ 45. Kh1 a5 46. Nd4 a4 47. bxa4 bxa4 48. Nf3 Bxf3 49. Qxf3 Qa1+ 50. Kh2 a3 51. Qa8+ Kh7 52. Qf3 Qe5+ 53. Kg1 a2 54. Qd3+ f5 0-1

[Event "GRE-ch U18"]
[Site "Kavala"]
[Date "2015.01.05"]
[Round "6"]
[White "Gkikas, Vasilios"]
[Black "Korniotis, Filippos"]
[Result "1/2-1/2"]
[WhiteElo "1767"]
[BlackElo "2064"]
[PlyCount "110"]
[EventDate "2015.01.02"]
[EventType "swiss"]
[EventRounds "9"]
[EventCountry "GRE"]
[SourceTitle "EXT 2024"]
[Source "ChessBase"]
[SourceDate "2023.10.10"]
[SourceVersion "1"]
[SourceVersionDate "2023.10.10"]
[SourceQuality "1"]

1. e4 e6 2. d4 d5 3. e5 c5 4. c3 Nc6 5. Nf3 Bd7 6. Be2 Nge7 7. 0-0 Ng6 8. g3 Be7 9. Na3 cxd4 10. cxd4 0-0 11. h4 f6 12. exf6 Bxf6 13. Bg5 Bxg5 14. Nxg5 Qb6 15. Nc2 Rf6 16. h5 Nf8 17. b3 a5 18. Nf3 Be8 19. Nh2 Nd7 20. Ng4 Rf8 21. Kg2 Nf6 22. Nxf6+ Rxf6 23. Qd2 Bd7 24. f4 a4 25. b4 Ne7 26. Ne3 Rff8 27. a3 Nc8 28. Bd3 Kh8 29. Bc2 Bb5 30. Rfe1 Nd6 31. Ng4 Ne4 32. Bxe4 dxe4 33. Ne5 Bc6 34. Nxc6 Qxc6 35. Qe3 Rad8 36. Qxe4 Qc3 37. h6 Qxd4 38. Qxd4 Rxd4 39. hxg7+ Kxg7 40. Rxe6 Rf7 41. Re5 Rd2+ 42. Kh3 Rd3 43. Ra5 Rxf4 44. Rxa4 Rff3 45. Rg1 Kg6 46. Ra7 b5 47. Ra5 Rf5 48. Rc1 Rh5+ 49. Kg2 Rd2+ 50. Kg1 Rhd5 51. Rc6+ Kg5 52. Rc5 Kg4 53. Rxd5 Rxd5 54. a4 Kxg3 55. Kf1 Kf3 1/2-1/2

[Event "Ambelokipi op 147th"]
[Site "Athens"]
[Date "2014.10.25"]
[Round "7"]
[White "Sideris, Theodoros"]
[Black "Gkikas, Vasilios"]
[Result "0-1"]
[WhiteElo "1915"]
[BlackElo "1759"]
[PlyCount "88"]
[EventDate "2014.09.13"]
[EventType "swiss"]
[EventRounds "7"]
[EventCountry "GRE"]
[SourceTitle "EXT 2016"]
[Source "ChessBase"]
[SourceDate "2015.10.08"]
[SourceVersion "1"]
[SourceVersionDate "2015.10.08"]
[SourceQuality "1"]

1. e4 c5 2. c3 d5 3. exd5 Qxd5 4. d4 g6 5. Be2 Bg7 6. Bf3 Qd6 7. dxc5 Qxc5 8. Be3 Qc7 9. Ne2 Nf6 10. Na3 a6 11. Qb3 Nbd7 12. Qc4 Qb8 13. Qa4 0-0 14. 0-0-0 Qc7 15. Nf4 Ne5 16. Be2 Bd7 17. Qb4 Nc6 18. Qb6 Qc8 19. Kb1 Bf5+ 20. Bd3 Bxd3+ 21. Rxd3 Ne5 22. Rdd1 Nfd7 23. Qb3 e6 24. Bd4 Qc6 25. f3 b5 26. Rhe1 Rab8 27. Nd3 Nxd3 28. Rxd3 Nc5 29. Bxc5 Qxc5 30. Qc2 b4 31. cxb4 Qxb4 32. Re4 Qxb2+ 33. Qxb2 Rxb2+ 34. Kc1 Rxa2 35. Ra4 Rxg2 36. h4 Rc8+ 37. Rc4 Rxc4+ 38. Nxc4 Bf6 39. Rd7 Bxh4 40. Ne5 f5 41. Ra7 Bf6 42. Nf7 Bg5+ 43. Kd1 Bf4 44. Nd8 Rd2+ 0-1